Arnošt Vilém Kraus (1859-1943)
| Titel: | Arnošt Vilém Kraus (1859-1943) : zum tragischen Schicksal eines Prager tschechischen Germanisten während der Protektoratszeit / Lenka Vodrážková-Pokorná |
|---|---|
| Verfasser: | |
| In: |
Germanoslavica, Band 15, Heft 2 (2004), Seite 121-144 alle Artikel anzeigen |
| Veröffentlicht: | 2004 |
| Format: | Aufsatz |
| Sprache: | Deutsch |
X
alg: 13258927 001A $04504:05-09-05 001B $06050:28-05-20 $t13:26:49.000 001C $06050:20-04-15 $t11:49:32.000 001D $04504:05-09-05 001U $0utf8 001X $00 002@ $0Aou 003@ $0132589273 007A $0132589273 $aHEB 010@ $ager 011@ $a2004 021A $aArnošt Vilém Kraus (1859-1943) $dzum tragischen Schicksal eines Prager tschechischen Germanisten während der Protektoratszeit $hLenka Vodrážková-Pokorná 028A $#Pokorná, Lenka Vodrážková- $#Vodrážková, Lenka $7132394952 $8Vodrážková-Pokorná, Lenka$Z1972- [Tp3] $9183234154 031A $d15 $e2 $h121-144 $j2004 039B $aIn $8--Abvc--. Germanoslavica. - Hildesheim : Olms, 1931-. - ISSN 1210-9029 $x200400000150002879 $9047348615 044K $#Kraus, Arnošt E. $#Kraus, Arnošt Ernst $#Kraus, Arnošt V. $#Kraus, Arnošt Vilém $#Kraus, Ernesto $#Kraus, Ernestus $#Kraus, Ernst $#Kraus, Ernst C. $#Kraus, Ernst W. $#Kraus, Ernst Wilhelm $711638767X $8Kraus, Arnošt$Z1859-1943 [Tp1] $915034659X 045T $a7,20 $a25 $a7,41 $a7,39 045T $aLING $qDE-30 $2FID 045T $aGER $qDE-30 $2FID 045T $aAVL $qDE-30 $2FID 045V $aKraus, Arnošt $801.08.00$jZu einzelnen Germanisten, Literaturtheoretikern und Essayisten [Tkx] $9118843184 lok: 13258927 62 exp: 13258927 62 1 #EPN 201B/01 $005-09-05 $t20:33:48.000 203@/01 $0292108001 208@/01 $a05-09-05 $be 209A/01 $a/ $f000 $x00 209B/01 $a2005 $x05 247C/01 $8Frankfurt, Bibliographie der Deutschen Sprach- und Literaturwissenschaft $9113214561 201U/01 $0utf8 lok: 13258927 78 exp: 13258927 78 1 #EPN 201B/01 $016-06-21 $t08:00:30.000 201C/01 $016-06-21 201U/01 $0utf8 203@/01 $01157751164 208@/01 $a16-06-21 $be 209A/01 $a/ $f000 $x00 209A/01 $ab*p $x01 220C/01 $apgar 244Z/01 $#Böhmische Kronländer $#Länder der Böhmischen Krone $#Sudetenland $#Böhmen $#Mähren $#Mährisch-Schlesien $#Österreichisch-Schlesien $#Tschechische Sozialistische Republik Böhmische Länder $#Tschechei Böhmische Länder $#Země koruny české $74069573-6 $8--Tg1--Böhmische Länder $x01 $9085195553 247C/01 $82080>Marburg/Lahn, Herder-Institut, Forschungsbibliothek, Bibliographieportal $9336309341
| LEADER | 00000caa a2200000 c 4500 | ||
|---|---|---|---|
| 001 | 132589273 | ||
| 003 | DE-603 | ||
| 005 | 20200528132649.0 | ||
| 007 | tu | ||
| 008 | 050905s2004 xx |||| | u00||u|ger c | ||
| 035 | |a (DE-599)HEB132589273 | ||
| 040 | |a DE-603 |b ger |c DE-603 |d DE-603 | ||
| 041 | |a ger | ||
| 084 | |a 7,20 |a 25 |a 7,41 |a 7,39 |2 ssgn | ||
| 084 | |a LING |q DE-30 |2 fid | ||
| 084 | |a GER |q DE-30 |2 fid | ||
| 084 | |a AVL |q DE-30 |2 fid | ||
| 100 | 1 | |a Vodrážková-Pokorná, Lenka |d 1972- |0 (DE-603)183234154 |0 (DE-588)132394952 |2 gnd | |
| 245 | 0 | 0 | |a Arnošt Vilém Kraus (1859-1943) |b zum tragischen Schicksal eines Prager tschechischen Germanisten während der Protektoratszeit |c Lenka Vodrážková-Pokorná |
| 264 | 0 | |c 2004 | |
| 600 | 1 | 7 | |a Kraus, Arnošt |d 1859-1943 |0 (DE-588)11638767X |0 (DE-603)15034659X |2 gnd |
| 773 | 0 | 8 | |i In |t Germanoslavica |d Hildesheim : Olms, 1931- |x 1210-9029 |g Band 15, Heft 2 (2004), Seite 121-144 |w (DE-603)047348615 |w (DE-600)216758-X |
| 924 | 0 | |9 603 |a (DE-603)292108001 |b DE-603 |c HES |d d | |
| 924 | 0 | |9 2080 |a (DE-603)1157751164 |b DE-2080 |c HES |d d |g / | |


